Reservation policy : (Record no. 122499)

MARC details
000 -LEADER
fixed length control field 00820nam a22002537a 4500
003 - CONTROL NUMBER IDENTIFIER
control field dpl
005 - DATE AND TIME OF LATEST TRANSACTION
control field 20180809125108.0
008 - FIXED-LENGTH DATA ELEMENTS--GENERAL INFORMATION
fixed length control field 180809b xxu||||| |||| 00| 0 eng d
010 ## - LIBRARY OF CONGRESS CONTROL NUMBER
LC control number B-129956
020 ## - INTERNATIONAL STANDARD BOOK NUMBER
Terms of availability 395.00
International Standard Book Number 81888340103
035 ## - SYSTEM CONTROL NUMBER
System control number B-129956, B-129981
037 ## - SOURCE OF ACQUISITION
Source of stock number/acquisition Cen Lib/Ret
040 ## - CATALOGING SOURCE
Original cataloging agency DPL
Language of cataloging EN
Transcribing agency 0
082 ## - DEWEY DECIMAL CLASSIFICATION NUMBER
Classification number 305.56
Item number SAM
100 ## - MAIN ENTRY--PERSONAL NAME
Personal name Samujh, Ram
9 (RLIN) 105428
245 ## - TITLE STATEMENT
Title Reservation policy :
Statement of responsibility, etc by Ram Samujh
Remainder of title its relevance in modern India
260 ## - PUBLICATION, DISTRIBUTION, ETC. (IMPRINT)
Place of publication, distribution, etc Mumbai
Name of publisher, distributor, etc Samrudh Bharat Publication
Date of publication, distribution, etc 2005
270 ## - ADDRESS
Address B-6,Shalimar Apt., W.E. Highway, Santacruz
City Mumbai
Postal code 400055
300 ## - PHYSICAL DESCRIPTION
Extent iii,182p. :
Dimensions 24cm(Hb)
Other physical details ill, col.
500 ## - GENERAL NOTE
General note Includes bibliographical reference
650 ## - SUBJECT ADDED ENTRY--TOPICAL TERM
Topical term or geographic name as entry element Indian Law
9 (RLIN) 1183
650 ## - SUBJECT ADDED ENTRY--TOPICAL TERM
Topical term or geographic name as entry element Reservation policy
9 (RLIN) 105429
942 ## - ADDED ENTRY ELEMENTS (KOHA)
Source of classification or shelving scheme Dewey Decimal Classification
Koha item type English Books
Classification part 305.56
Call number suffix SAM
Holdings
Withdrawn status Lost status Damaged status Not for loan Collection code Home library Current library Date acquired Source of acquisition Cost, normal purchase price Total Checkouts Full call number Barcode Date last seen Copy number Cost, replacement price Price effective from Koha item type Source of classification or shelving scheme
      Not For Loan Reference Central Library Central Library 27/05/2015 Cen Lib/Ret 395.00   305.56 SAM B-129956 27/05/2015 1 395.00 27/05/2015 English Books  
        Non-fiction Kadipur Kadipur 26/07/2019 BPPD/PUB 395.00   305.56 SAM B-129980 26/07/2019   395.00 26/07/2019 English Books Dewey Decimal Classification
        Non-fiction Shahdara Branch Shahdara Branch 09/08/2018 BPPD/PUB 395.00   305.56 SAM B-129981 09/08/2018   395.00 09/08/2018 English Books Dewey Decimal Classification

© Delhi Public Library
Hit Counter
free hit counter